000 00365nam a2200145Ia 4500
008 230917s9999||||xx |||||||||||||| ||und||
040 _e15931
_aMAIN
041 _aEnglish
082 _a320.9 B462P
100 _aBertsch, Gary K
245 0 _aPower and policy in Communist systems
260 _aNew York
_bJohn Wiley
_c1978
300 _axi, 186 p.
942 _cBK
999 _c190622
_d190622